Anàlisi del sistema de beques de transport i de menjador escolar / Jorge Calero, Álvaro Choi
Publicado:
Barcelona :
Diputació de Barcelona. Àrea d'Educació. Gerència de Serveis d'Educació ,
2010
Descripción Física:
115 p. : gràf. ; 29 cm
Otros Autores:
Choi, Álvaro
MARC
| LEADER | 00000nam a2200000Ia 4500 | ||
|---|---|---|---|
| 001 | 22892 | ||
| 008 | 160829s2010 xx 000 0 cat d | ||
| 080 | |a E-1-388 | ||
| 100 | |a Calero, Jorge |9 41375 | ||
| 245 | |a Anàlisi del sistema de beques de transport i de menjador escolar / Jorge Calero, Álvaro Choi | ||
| 260 | |a Barcelona : |b Diputació de Barcelona. Àrea d'Educació. Gerència de Serveis d'Educació, |c 2010 | ||
| 300 | |a 115 p. : |b gràf. ; |c 29 cm | ||
| 590 | |a Bibliografia | ||
| 650 | 0 | |a Beques |x Barcelona (Província) |9 41376 | |
| 650 | |a Menjadors escolars |x Barcelona (Província) |9 41377 | ||
| 650 | |a Transport escolar |x Barcelona (Província) I |9 41378 | ||
| 650 | |a Igualtat d'oportunitats educatives |x Barcelona (Província) |9 41373 | ||
| 700 | |a Choi, Álvaro |9 41379 | ||
| 710 | |a Barcelona (Catalunya : Província). |b Gerència de Serveis d'Educació |9 52167 | ||
| 901 | |a Arxiu | ||
| 942 | |n 1 | ||
| 952 | |0 0 |1 0 |4 0 |6 E1388 |7 1 |9 50181 |a Arxiu |b Arxiu |d 2016-12-01 |l 0 |o E-1-388 |p 22892 |r 2016-12-01 00:00:00 |w 2016-12-01 |y ARXIU | ||
| 999 | |c 54023 |d 54023 | ||